000
00264nam a22001217a 4500
003
SGT
082
_a
612.015
_b
KUM
100
_a
KUMAR N
245
_a
BIOCHEMISTRY AND CLINICAL PATHOLOGY
260
_a
INDIA
_b
AITBS PUB
_c
2025
300
_a
241
942
_2
ddc
_c
BK
999
_c
34455
_d
34455